00886nam a2200229 a 450000100100000000500170001000800410002702000150006804000250008308200180010810000410012624501340016726000290030130000310033049000270036150000560038850400370044460000820048170000250056370000410058883000270062900001946520200929170027.0100629s2005 es c 000 0bspa d a8497647394 aDO-SdBNPbspacBNPHU a923.144bJ8321 aAndrés Loriente, Benito de,d1960-10aJosefina /cBenito de Andrés Loriente ; coordinador general Felipe Sen ; coordinador de colección Mar de Ventura Fernández. aMadrid :bEdimat,c2005. a189 p. :bretrs. ;c22 cm.1 aMujeres en la historia aIncluye datos biográficos del autor en el chaleco aIncluye bibliografías (p. 189)14aJOSEFINA,cEMPERATRIZ CONSORTE DE NAPOLEÓN, EMPERADOR DE FRACIA,d1763-18141 aSen, Felipe,ecoord.1 aVentura Fernández, Mar de,ecoord. 0aMujeres en la historia